[Event "Krasnodar Summer op"]
[Site "Krasnodar"]
[Date "2012.07.16"]
[Round "7"]
[White "Fedorov, Nikita"]
[Black "Golub, Sergey"]
[Result "1/2-1/2"]
[WhiteElo "1829"]
[BlackElo "1855"]
[PlyCount "77"]
[EventDate "2012.07.10"]
[EventType "swiss"]
[EventRounds "9"]
[EventCountry "RUS"]
[SourceTitle "EXT 2013"]
[Source "ChessBase"]
[SourceDate "2012.11.22"]
[SourceVersion "1"]
[SourceVersionDate "2012.11.22"]
[SourceQuality "1"]

1. e4 c5 2. Nf3 d6 3. Bb5+ Bd7 4. Bxd7+ Qxd7 5. 0-0 Nc6 6. c3 Nf6 7. Qe2 e5 8. Rd1 Be7 9. d4 Qg4 10. Qb5 0-0 11. Qxb7 Rfc8 12. h3 Qxe4 13. Re1 Qd3 14. Re3 Qc2 15. Na3 Qf5 16. dxe5 Rab8 17. Qa6 Nxe5 18. Nxe5 dxe5 19. Qxa7 Nd5 20. Rf3 Qe6 21. c4 Nb4 22. Bd2 Nc6 23. Qa4 Rxb2 24. Bc3 Rb7 25. Re1 Ra7 26. Qb3 Nd4 27. Bxd4 cxd4 28. Nb5 Rd7 29. Rd3 Qxc4 30. Rxe5 Qc1+ 31. Rd1 Qf4 32. Rd5 Rxd5 33. Qxd5 Rd8 34. Qc4 Bf6 35. a4 Be5 36. g3 Qf3 37. Re1 Bxg3 38. fxg3 Qxg3+ 39. Kf1 1/2-1/2

[Event "Krasnodar Winter A Rating"]
[Site "Krasnodar"]
[Date "2011.01.25"]
[Round "3"]
[White "Frolov, Lev"]
[Black "Golub, Sergey"]
[Result "1-0"]
[WhiteElo "1943"]
[BlackElo "1924"]
[PlyCount "85"]
[EventDate "2011.01.24"]
[EventType "tourn"]
[EventRounds "13"]
[EventCountry "RUS"]
[SourceTitle "EXT 2022"]
[Source "ChessBase"]
[SourceDate "2021.10.06"]
[SourceVersion "1"]
[SourceVersionDate "2021.10.06"]
[SourceQuality "1"]

1. d4 Nf6 2. c4 e6 3. Nc3 Bb4 4. Qc2 b6 5. e4 d6 6. Bd3 Bb7 7. Bd2 Nbd7 8. a3 Bxc3 9. Bxc3 c5 10. d5 exd5 11. exd5 0-0 12. Ne2 h6 13. 0-0 Ng4 14. h3 Nge5 15. f4 Nxd3 16. Qxd3 Nf6 17. Rae1 b5 18. b3 b4 19. axb4 cxb4 20. Bd4 a5 21. Ng3 Bc8 22. Nf5 Bxf5 23. Qxf5 Qd7 24. Qxd7 Nxd7 25. Re7 Nc5 26. Bxc5 dxc5 27. Ra1 Rfc8 28. Kf2 Kf8 29. Rb7 a4 30. bxa4 Rcb8 31. Rb5 b3 32. Rb1 Rxb5 33. axb5 Ke7 34. Rxb3 Kd7 35. Ke3 f5 36. g4 g6 37. b6 Rb8 38. Rb5 Kd6 39. b7 Re8+ 40. Kd3 Kc7 41. d6+ Kb8 42. Rxc5 fxg4 43. Rc8+ 1-0

[Event "Krasnodar Winter A Rating"]
[Site "Krasnodar"]
[Date "2011.01.24"]
[Round "1"]
[White "Sluzhilov, Aleksandr"]
[Black "Golub, Sergey"]
[Result "0-1"]
[WhiteElo "2041"]
[BlackElo "1924"]
[PlyCount "86"]
[EventDate "2011.01.24"]
[EventType "tourn"]
[EventRounds "13"]
[EventCountry "RUS"]
[SourceTitle "EXT 2022"]
[Source "ChessBase"]
[SourceDate "2021.10.06"]
[SourceVersion "1"]
[SourceVersionDate "2021.10.06"]
[SourceQuality "1"]

1. e4 c5 2. Nf3 Nf6 3. Nc3 d6 4. d4 cxd4 5. Nxd4 a6 6. Be2 e6 7. Be3 Nbd7 8. f4 b5 9. a4 b4 10. Nc6 Qc7 11. Nxb4 Bb7 12. Bf3 d5 13. Nba2 dxe4 14. Be2 Rd8 15. 0-0 Ne5 16. Qxd8+ Qxd8 17. fxe5 Nd7 18. b4 Qc7 19. Rab1 Nxe5 20. Kh1 Nc4 21. Bf4 e5 22. Bc1 Be7 23. b5 0-0 24. bxa6 Bxa6 25. Nd5 Qc5 26. Nab4 Bd8 27. Nxa6 Qxd5 28. Rb5 Qc6 29. Rc5 Qxa6 30. Bxc4 Qxa4 31. Rc8 Qd7 32. Rb8 Bf6 33. Rb1 Qd4 34. Bb3 e3 35. Bb2 Qd2 36. Rfd1 Qf2 37. Rf1 Qh4 38. Rbe1 Qe4 39. Rf3 e2 40. Rf2 Rd8 41. c4 Rd2 42. Bc1 Bh4 43. Bxd2 Bxf2 0-1

[Event "FICGS theme 0001 email"]
[Site "FICGS email"]
[Date "2010.09.18"]
[Round "1"]
[White "Guex, Pascal"]
[Black "Golub, Sergey"]
[Result "1-0"]
[WhiteElo "2168"]
[BlackElo "1982"]
[PlyCount "35"]
[EventDate "2010.??.??"]
[EventType "swiss (corr)"]
[EventRounds "1"]
[SourceTitle "Corr 2013"]
[Source "ChessBase"]
[SourceDate "2012.11.12"]
[SourceVersion "1"]
[SourceVersionDate "2012.11.12"]
[SourceQuality "1"]

1. e4 e6 2. d4 d5 3. Nc3 Nf6 4. Bg5 Bb4 5. e5 h6 6. Bd2 Bxc3 7. bxc3 Ne4 8. Qg4 g6 9. Bd3 Nxd2 10. Kxd2 c5 11. Nf3 Nc6 12. h4 cxd4 13. cxd4 Qa5+ 14. Ke3 b6 15. Nd2 Ba6 16. Nb3 Qa4 17. h5 Bxd3 18. cxd3 1-0

[Event "Krasnodar Summer"]
[Site "Krasnodar"]
[Date "2010.07.01"]
[Round "10"]
[White "Golub, Sergey"]
[Black "Airapetian, Valentin"]
[Result "1/2-1/2"]
[WhiteElo "1871"]
[BlackElo "1890"]
[PlyCount "30"]
[EventDate "2010.05.22"]
[EventType "tourn"]
[EventRounds "15"]
[EventCountry "RUS"]
[SourceTitle "EXT 2022"]
[Source "ChessBase"]
[SourceDate "2021.10.06"]
[SourceVersion "1"]
[SourceVersionDate "2021.10.06"]
[SourceQuality "1"]

1. e4 c5 2. Nf3 d6 3. d4 cxd4 4. Nxd4 Nf6 5. Nc3 a6 6. Bg5 h6 7. Be3 Ng4 8. Bd2 g6 9. Be2 Bg7 10. 0-0 0-0 11. h3 Nf6 12. Re1 e6 13. Be3 Nbd7 14. Qd2 Qc7 15. Rad1 Rd8 1/2-1/2

[Event "Krasnodar Summer"]
[Site "Krasnodar"]
[Date "2010.06.23"]
[Round "2"]
[White "Golub, Sergey"]
[Black "Morozov, Ruslan"]
[Result "1-0"]
[WhiteElo "1871"]
[BlackElo "1954"]
[PlyCount "49"]
[EventDate "2010.05.22"]
[EventType "tourn"]
[EventRounds "15"]
[EventCountry "RUS"]
[SourceTitle "EXT 2022"]
[Source "ChessBase"]
[SourceDate "2021.10.06"]
[SourceVersion "1"]
[SourceVersionDate "2021.10.06"]
[SourceQuality "1"]

1. d4 Nf6 2. Nf3 e6 3. e3 b6 4. Bd3 Bb7 5. 0-0 Be7 6. Nbd2 0-0 7. Ne5 d6 8. Ng4 Nxg4 9. Qxg4 f5 10. Qh3 Rf6 11. e4 Qf8 12. exf5 exf5 13. Nf3 Bxf3 14. Qxf3 Nd7 15. Qc6 d5 16. Qxd5+ Kh8 17. Qxd7 Rd8 18. Qa4 f4 19. f3 Rh6 20. Bd2 Qf6 21. Rae1 Qh4 22. h3 Qf6 23. Bxf4 Rxh3 24. Bxc7 Qh4 25. gxh3 1-0

[Event "Krasnodar Summer"]
[Site "Krasnodar"]
[Date "2010.06.22"]
[Round "1"]
[White "Golub, Sergey"]
[Black "Anokhin, Andrey"]
[Result "1/2-1/2"]
[WhiteElo "1871"]
[BlackElo "1810"]
[PlyCount "114"]
[EventDate "2010.05.22"]
[EventType "tourn"]
[EventRounds "15"]
[EventCountry "RUS"]
[SourceTitle "EXT 2022"]
[Source "ChessBase"]
[SourceDate "2021.10.06"]
[SourceVersion "1"]
[SourceVersionDate "2021.10.06"]
[SourceQuality "1"]

1. d4 d5 2. Nf3 Nf6 3. e3 Bg4 4. c4 c6 5. Nc3 e6 6. Qb3 Bxf3 7. Qxb7 Bxg2 8. Bxg2 Nbd7 9. Qxc6 Rc8 10. Qa4 Rxc4 11. Qxa7 Bb4 12. Bd2 0-0 13. Bf1 Rc7 14. Qa4 Qe7 15. a3 Bxc3 16. Bxc3 Ne4 17. Bb5 Nxc3 18. bxc3 Nb6 19. Qb4 Rfc8 20. Qxe7 Rxe7 21. Kd2 Rec7 22. Rhc1 Nc4+ 23. Bxc4 Rxc4 24. a4 Ra8 25. a5 f6 26. Rcb1 Rc6 27. Rb5 Kf7 28. f3 f5 29. Kd3 Kf6 30. h4 g6 31. Ra3 h6 32. e4 fxe4+ 33. fxe4 dxe4+ 34. Kxe4 Rac8 35. Rc5 Rxc5 36. dxc5 Rxc5 37. a6 Rc8 38. a7 Ra8 39. Ra5 g5 40. h5 Kf7 41. Ke5 Ke7 42. Ra4 Kd7 43. Ra6 Kc7 44. Kxe6 Kb7 45. Rd6 Rxa7 46. c4 Ra5 47. Kd7 g4 48. Rxh6 Rg5 49. Rg6 Rxh5 50. Rxg4 Rc5 51. Kd6 Kb6 52. Re4 Rc7 53. Kd5 Rd7+ 54. Ke6 Rc7 55. Rd4 Rc8 56. Rd6+ Kc5 57. Kd7 Rd8+ 1/2-1/2

[Event "Krasnodar November-B"]
[Site "Krasnodar"]
[Date "2009.11.17"]
[Round "4"]
[White "Frolov, Lev"]
[Black "Golub, Sergey"]
[Result "1/2-1/2"]
[WhiteElo "1742"]
[BlackElo "1882"]
[PlyCount "71"]
[EventDate "2009.11.15"]
[EventType "tourn"]
[EventRounds "15"]
[EventCountry "RUS"]
[SourceTitle "EXT 2012"]
[Source "ChessBase"]
[SourceDate "2011.11.24"]
[SourceVersion "1"]
[SourceVersionDate "2011.11.24"]
[SourceQuality "1"]

1. d4 d5 2. Nf3 Nf6 3. Bf4 Bf5 4. e3 e6 5. Bd3 Bxd3 6. Qxd3 Bd6 7. Bxd6 Qxd6 8. Nbd2 0-0 9. c3 c5 10. 0-0 Nc6 11. Rac1 cxd4 12. cxd4 a6 13. Rc3 Rfc8 14. Rfc1 Ne7 15. Rxc8+ Rxc8 16. Rxc8+ Nxc8 17. Qc3 Ne7 18. a3 Qc6 19. Qxc6 Nxc6 20. b4 b5 21. Nb3 Ne8 22. Nc5 Nb8 23. Ne5 Nd6 24. Ned7 Nxd7 25. Nxd7 Nc4 26. Nc5 Nxa3 27. Nxa6 Nc2 28. Nc7 Nxb4 29. Nxb5 Nc2 30. Nd6 f6 31. Kf1 Kf8 32. Nb7 Ke7 33. Nc5 Kd6 34. Ke2 e5 35. Nb3 exd4 36. exd4 1/2-1/2

[Event "Krasnodar November-A"]
[Site "Krasnodar"]
[Date "2009.11.12"]
[Round "7"]
[White "Golub, Sergey"]
[Black "Sluzhilov, Aleksandr"]
[Result "0-1"]
[WhiteElo "1882"]
[BlackElo "2007"]
[PlyCount "72"]
[EventDate "2009.11.07"]
[EventType "tourn"]
[EventRounds "9"]
[EventCountry "RUS"]
[SourceTitle "EXT 2012"]
[Source "ChessBase"]
[SourceDate "2011.11.24"]
[SourceVersion "1"]
[SourceVersionDate "2011.11.24"]
[SourceQuality "1"]

1. d4 g6 2. Nf3 f5 3. c4 Bg7 4. Nc3 Nf6 5. e3 0-0 6. b4 e6 7. Qb3 b6 8. Be2 Qe7 9. a4 d6 10. Ba3 Nbd7 11. b5 Bb7 12. 0-0 Ne4 13. Rad1 Ndf6 14. Nd2 Nxc3 15. Qxc3 Rfe8 16. Bf3 Bxf3 17. Nxf3 Ne4 18. Qc2 Qf6 19. Rc1 a6 20. c5 bxc5 21. dxc5 axb5 22. cxd6 cxd6 23. Qc6 bxa4 24. Bxd6 Nxd6 25. Qxd6 Qe7 26. Qd2 a3 27. Nd4 Red8 28. Ra1 e5 29. Qa2+ Qf7 30. Ne6 Rd6 31. Nxg7 Kxg7 32. Rfc1 Rb6 33. Qxf7+ Kxf7 34. Ra2 Rb2 35. Raa1 a2 36. Kf1 Rab8 0-1